Tiempo y espacio: las luchas sociales de las mujeres latinoamericanas /
Se intenta entender la relación que existe entre la subordinación de género como "construcción histórica", con la "situación colonial básica de sometimiento étnico-cultural", donde subyace el tema de la migración rural-urbana en el altiplano, ciudad de la Paz, Bolivia
Uloženo v:
| Hlavní autor: | |
|---|---|
| Další autoři: | , , , , , |
| Médium: | Neznámo |
| Vydáno: |
Buenos Aires:
CLACSO
|
| Témata: | |
| Tagy: |
Přidat tag
Žádné tagy, Buďte první, kdo vytvoří štítek k tomuto záznamu!
|
MARC
| LEADER | 00000 a2200000 04500 | ||
|---|---|---|---|
| 001 | 37414 | ||
| 003 | |||
| 008 | 991231s d | ||
| 040 | |a CRAI/IIS |c CRAI/IIS | ||
| 020 | |a 950-9231-38-X | ||
| 022 | |a 950-9231-38-X | ||
| 090 | |a 0007 L579t | ||
| 100 | |a Boggio Carrillo, Zoila | ||
| 245 | |a Tiempo y espacio: las luchas sociales de las mujeres latinoamericanas / |c Zoila Boggio Carrillo | ||
| 260 | |a Buenos Aires: |b CLACSO | ||
| 300 | |a 327 p. | ||
| 520 | |a Se intenta entender la relación que existe entre la subordinación de género como "construcción histórica", con la "situación colonial básica de sometimiento étnico-cultural", donde subyace el tema de la migración rural-urbana en el altiplano, ciudad de la Paz, Bolivia | ||
| 650 | |a MUJERES | ||
| 650 | |a MIGRANTES | ||
| 650 | |a PERU | ||
| 700 | |a Criales Burgos, Lucila | ||
| 700 | |a Feijóo, María del Carmen, comp | ||
| 700 | |a Frega, Ana | ||
| 700 | |a González Sierra, Yamandú | ||
| 700 | |a León, Magdalena | ||
| 700 | |a Montoya, Silvia B. | ||
| 999 | |c 4419 |d 4419 | ||



